[Event "Verbandsliga Suedbaden 1617"]
[Site "Baden"]
[Date "2017.04.02"]
[Round "8.2"]
[White "Merkel, Gerd"]
[Black "Boes, Julian"]
[Result "1-0"]
[WhiteElo "2142"]
[BlackElo "2114"]
[PlyCount "109"]
[EventDate "2016.10.09"]
[EventType "team-tourn"]
[EventRounds "9"]
[EventCountry "GER"]
[SourceTitle "EXT 2022"]
[Source "ChessBase"]
[SourceDate "2021.10.06"]
[SourceVersion "1"]
[SourceVersionDate "2021.10.06"]
[SourceQuality "1"]
[WhiteTeam "Hoerden"]
[BlackTeam "Heitersheim"]
[WhiteTeamCountry "GER"]
[BlackTeamCountry "GER"]

1. d4 d5 2. c4 e6 3. Nc3 Nf6 4. cxd5 exd5 5. Bf4 Bd6 6. Bg3 c6 7. Qc2 g6 8. e3 Bf5 9. Bd3 Bxd3 10. Qxd3 Qe7 11. Nf3 Nbd7 12. Bxd6 Qxd6 13. 0-0 0-0 14. b4 b5 15. a4 a6 16. Rab1 Nb6 17. Ne5 Nfd7 18. a5 Nc4 19. f4 Rad8 20. Rf3 Kg7 21. Nxd7 Rxd7 22. f5 f6 23. h4 g5 24. hxg5 fxg5 25. g4 Rf6 26. Ne2 Rh6 27. Ng3 Rh4 28. f6+ Kf8 29. Kg2 Qe6 30. Nf5 Rxg4+ 31. Kf2 Qe4 32. Qxe4 Rxe4 33. Rg3 Re6 34. Ke2 Rxf6 35. Rxg5 Rdf7 36. Rf1 Rg6 37. Rfg1 Rff6 38. Rxg6 hxg6 39. Nh4 Kf7 40. Nf3 Kg7 41. Ng5 Kh6 42. e4 dxe4 43. Nxe4 Rf4 44. Rh1+ Kg7 45. Nc5 Rg4 46. Kf3 Ne5+ 47. dxe5 Rxb4 48. Ra1 Rh4 49. Nxa6 b4 50. Nc5 b3 51. a6 b2 52. Rb1 Rh3+ 53. Ke4 Rh4+ 54. Kd3 Rh3+ 55. Kc4 1-0

[Event "GER-chT Lands U20"]
[Site "Hannover"]
[Date "2016.10.02"]
[Round "2.2"]
[White "Biastoch, Bennet"]
[Black "Boes, Julian"]
[Result "1/2-1/2"]
[WhiteElo "2070"]
[BlackElo "2139"]
[PlyCount "83"]
[EventDate "2016.10.01"]
[EventType "team-swiss"]
[EventRounds "7"]
[EventCountry "GER"]
[SourceTitle "CBM 174 Extra"]
[Source "ChessBase"]
[SourceDate "2016.10.10"]
[SourceVersion "1"]
[SourceVersionDate "2016.10.10"]
[SourceQuality "1"]
[WhiteTeam "Sachsen Anhalt"]
[BlackTeam "Baden II"]
[WhiteTeamCountry "GER"]
[BlackTeamCountry "GER"]

1. e4 e6 2. d4 d5 3. Nc3 Bb4 4. e5 c5 5. a3 Bxc3+ 6. bxc3 Ne7 7. Qg4 cxd4 8. Qxg7 Rg8 9. Qxh7 Qc7 10. Ne2 Nbc6 11. f4 dxc3 12. Qd3 d4 13. Nxd4 Nxd4 14. Qxd4 Bd7 15. Rg1 Nf5 16. Qf2 Qc6 17. Bd3 Qd5 18. Be3 Nxe3 19. Qxe3 Rxg2 20. Rxg2 Qxg2 21. Be4 Qxh2 22. 0-0-0 Bc6 23. Kb1 Bxe4 24. Qxe4 Qf2 25. Qxb7 Qb6+ 26. Qxb6 axb6 27. Ka2 Ra4 28. Rf1 Rc4 29. Kb3 b5 30. Rf3 Kd7 31. Rd3+ Ke7 32. Rxc3 Rxf4 33. Rc7+ Kd8 34. Rb7 Rf5 35. Rxb5 f6 36. a4 fxe5 37. Kc3 Kc7 38. Kd3 Kc6 39. c4 Rf8 40. Ke4 Rf4+ 41. Kxe5 Rxc4 42. Kxe6 1/2-1/2

[Event "GER-ch U18"]
[Site "Willingen"]
[Date "2016.05.16"]
[Round "3"]
[White "Boes, Julian"]
[Black "Keller, Peter1"]
[Result "1/2-1/2"]
[WhiteElo "2231"]
[BlackElo "2285"]
[PlyCount "41"]
[EventDate "2016.05.15"]
[EventType "swiss"]
[EventRounds "9"]
[EventCountry "GER"]
[SourceTitle "CBM 172 Extra"]
[Source "ChessBase"]
[SourceDate "2016.06.21"]
[SourceVersion "1"]
[SourceVersionDate "2016.06.21"]
[SourceQuality "1"]

1. e4 e5 2. Nf3 Nc6 3. Bb5 a6 4. Bxc6 dxc6 5. 0-0 Bg4 6. h3 h5 7. d3 Qf6 8. Nbd2 g5 9. Nc4 Bxf3 10. Qxf3 Qxf3 11. gxf3 f6 12. Be3 Ne7 13. Rfd1 Ng6 14. Kf1 Be7 15. Ke2 c5 16. a4 b6 17. c3 Rd8 18. Na3 0-0 19. Rg1 Kh7 20. Rad1 Kh6 21. Nc2 1/2-1/2

[Event "Deizisau op 10th"]
[Site "Deizisau"]
[Date "2015.10.31"]
[Round "2"]
[White "Boes, Julian"]
[Black "Zuferi, Enis"]
[Result "1-0"]
[WhiteElo "2083"]
[BlackElo "2210"]
[PlyCount "113"]
[EventDate "2015.10.30"]
[EventType "swiss"]
[EventRounds "7"]
[EventCountry "GER"]
[SourceTitle "CBM 169 Extra"]
[Source "ChessBase"]
[SourceDate "2015.12.18"]
[SourceVersion "1"]
[SourceVersionDate "2015.12.18"]
[SourceQuality "1"]

1. e4 c5 2. b3 Nf6 3. e5 Nd5 4. Nc3 Nxc3 5. dxc3 Nc6 6. Nf3 g6 7. Bc4 Bg7 8. 0-0 0-0 9. Bf4 Qa5 10. a4 Kh8 11. Re1 f6 12. Re3 fxe5 13. Bxe5 d6 14. Bxg7+ Kxg7 15. Qe2 Qc7 16. Be6 Rf6 17. Bd5 e5 18. Ng5 Ne7 19. Rd1 Bf5 20. c4 h6 21. Ne4 Bxe4 22. Bxe4 Raf8 23. f3 h5 24. Red3 b6 25. Qd2 Rd8 26. h3 Qc8 27. g4 Qc7 28. Kg2 hxg4 29. hxg4 Nc8 30. Rh1 Rf4 31. Qf2 Qe7 32. Qg3 Qg5 33. Qh3 Ne7 34. Rdd1 Kf6 35. Qh4 Qxh4 36. Rxh4 Kg5 37. Rh7 Ng8 38. Rg7 Rf6 39. Kg3 Kh6 40. Rxa7 Re6 41. Bd5 Re7 42. Rh1+ Kg5 43. Rh7 Rxh7 44. Rxh7 Nf6 45. Rb7 Rh8 46. Rxb6 Rh1 47. Rxd6 Rg1+ 48. Kf2 Rc1 49. a5 Rxc2+ 50. Kg3 Ra2 51. a6 Ra3 52. Bb7 Ra1 53. Rc6 Ra5 54. Re6 Nd7 55. Re7 Nb8 56. Rxe5+ Kf6 57. Rd5 1-0

[Event "GER-chT Lands U20"]
[Site "Hannover"]
[Date "2015.10.05"]
[Round "4.3"]
[White "Boes, Julian"]
[Black "Peng, Xiang Tobias"]
[Result "1-0"]
[WhiteElo "2029"]
[BlackElo "1996"]
[PlyCount "115"]
[EventDate "2015.10.03"]
[EventType "team-swiss"]
[EventRounds "7"]
[EventCountry "GER"]
[SourceTitle "CBM 168 Extra"]
[Source "ChessBase"]
[SourceDate "2015.10.29"]
[SourceVersion "1"]
[SourceVersionDate "2015.10.29"]
[SourceQuality "1"]
[WhiteTeam "Baden (U20) II"]
[BlackTeam "Wuerttemberg (U20)"]
[WhiteTeamCountry "GER"]
[BlackTeamCountry "GER"]

1. e4 e5 2. Nf3 Nc6 3. Bb5 Bc5 4. 0-0 Nf6 5. d3 d6 6. c3 0-0 7. Nbd2 Bg4 8. h3 Bh5 9. Re1 a6 10. Ba4 b5 11. Bc2 Re8 12. Nf1 d5 13. Ng3 dxe4 14. Nxh5 Nxh5 15. Rxe4 Nf6 16. Re1 Qd6 17. Bg5 h6 18. Bh4 Rad8 19. Bg3 Nh5 20. Bh2 Qf6 21. Qe2 Nf4 22. Qe4 Qg6 23. Bxf4 f5 24. Nh4 fxe4 25. Nxg6 exf4 26. d4 Bd6 27. Bxe4 Ne7 28. Nh4 g5 29. Nf3 Kf7 30. Bc2 Kf6 31. Re2 Nc6 32. Rae1 Rxe2 33. Rxe2 b4 34. Bb3 Na5 35. Re6+ Kg7 36. c4 Nxb3 37. axb3 Ra8 38. c5 Bf8 39. Rc6 Ra7 40. Kf1 Be7 41. Ke2 Bf6 42. Kd3 a5 43. Kc4 h5 44. Nd2 a4 45. bxa4 b3 46. Ne4 Rxa4+ 47. Kxb3 Rxd4 48. Nxf6 h4 49. Ng4 Rd3+ 50. Kc2 f3 51. Rxc7+ Kf8 52. gxf3 Rxf3 53. Rh7 Ke8 54. c6 Kd8 55. b4 Rxh3 56. b5 Ra3 57. b6 Ra6 58. c7+ 1-0

[Event "GER-chT Lands U20"]
[Site "Hannover"]
[Date "2015.10.04"]
[Round "3.3"]
[White "Pfreundt, Jakob"]
[Black "Boes, Julian"]
[Result "1-0"]
[WhiteElo "2211"]
[BlackElo "2029"]
[PlyCount "65"]
[EventDate "2015.10.03"]
[EventType "team-swiss"]
[EventRounds "7"]
[EventCountry "GER"]
[SourceTitle "CBM 168 Extra"]
[Source "ChessBase"]
[SourceDate "2015.10.29"]
[SourceVersion "1"]
[SourceVersionDate "2015.10.29"]
[SourceQuality "1"]
[WhiteTeam "Hamburg (U20)"]
[BlackTeam "Baden (U20) II"]
[WhiteTeamCountry "GER"]
[BlackTeamCountry "GER"]

1. e4 e6 2. d4 d5 3. exd5 exd5 4. Nf3 Nf6 5. Bd3 Bd6 6. Qe2+ Qe7 7. Qxe7+ Kxe7 8. 0-0 Re8 9. Re1+ Kf8 10. Rxe8+ Kxe8 11. Nc3 c6 12. Bg5 Nbd7 13. Re1+ Kf8 14. Ne5 h6 15. Bf4 Be7 16. h3 Nb6 17. Ne2 Ne8 18. Bh2 Bd8 19. Nf4 Nc7 20. g4 a5 21. Bg3 Na4 22. b3 Nb6 23. Nfg6+ fxg6 24. Nxg6+ Kf7 25. Bxc7 Be6 26. Bxd8 Rxd8 27. f4 Re8 28. Ne5+ Kf6 29. Bg6 Rf8 30. Kg2 Nd7 31. f5 Rd8 32. fxe6 Nxe5 33. e7 1-0

[Event "GER-chT Lands U20"]
[Site "Hannover"]
[Date "2015.10.03"]
[Round "1.3"]
[White "Boes, Julian"]
[Black "Gschnitzer, Adrian"]
[Result "1-0"]
[WhiteElo "2029"]
[BlackElo "2114"]
[PlyCount "75"]
[EventDate "2015.10.03"]
[EventType "team-swiss"]
[EventRounds "7"]
[EventCountry "GER"]
[SourceTitle "CBM 168 Extra"]
[Source "ChessBase"]
[SourceDate "2015.10.29"]
[SourceVersion "1"]
[SourceVersionDate "2015.10.29"]
[SourceQuality "1"]
[WhiteTeam "Baden (U20) II"]
[BlackTeam "Baden (U20)"]
[WhiteTeamCountry "GER"]
[BlackTeamCountry "GER"]

1. e4 c5 2. b3 Nc6 3. Bb2 e5 4. Bc4 d6 5. d3 Nf6 6. Nc3 Be7 7. Nge2 Be6 8. 0-0 0-0 9. h3 Nh5 10. Nd5 Bxd5 11. Bxd5 Bg5 12. g3 Kh8 13. Kh2 f5 14. exf5 Rf6 15. Bxc6 bxc6 16. f4 exf4 17. g4 Ng3 18. Nxg3 fxg3+ 19. Kxg3 Rh6 20. Qf3 d5 21. Kg2 Bh4 22. Bc1 Rd6 23. Be3 d4 24. Bf4 Rd7 25. Bg3 Bg5 26. Qxc6 Rc8 27. Qf3 Qa5 28. h4 Be3 29. Be1 Qa6 30. Bf2 Re7 31. a4 Qd6 32. Rae1 Rce8 33. Bxe3 dxe3 34. Re2 Kg8 35. Rfe1 Qd4 36. Kg3 a5 37. Qf4 Qc3 38. Qc4+ 1-0

[Event "GER-ch U25 op-A"]
[Site "Willingen"]
[Date "2015.05.24"]
[Round "2"]
[White "Boes, Julian"]
[Black "Schimnatkowski, Lukas"]
[Result "1-0"]
[WhiteElo "2061"]
[BlackElo "1627"]
[PlyCount "51"]
[EventDate "2015.05.24"]
[EventType "swiss"]
[EventRounds "9"]
[EventCountry "GER"]
[SourceTitle "CBM 166 Extra"]
[Source "ChessBase"]
[SourceDate "2015.06.18"]
[SourceVersion "1"]
[SourceVersionDate "2015.06.18"]
[SourceQuality "1"]

1. e4 e6 2. d4 d5 3. Nc3 Nf6 4. e5 Nfd7 5. Nce2 c5 6. c3 Qb6 7. f4 Nc6 8. Nf3 Be7 9. a3 0-0 10. Neg1 Kh8 11. b4 cxb4 12. cxb4 a6 13. Bb2 f6 14. Bd3 fxe5 15. fxe5 Nxb4 16. axb4 Bxb4+ 17. Ke2 a5 18. Qc2 Qa7 19. Bxh7 b5 20. Nh3 Be7 21. Raf1 Ba6 22. Kd1 Rac8 23. Qb1 b4 24. Bd3 b3 25. Nhg5 Nxe5 26. Nxe5 1-0

[Event "GER-chT Lands U20"]
[Site "Hannover"]
[Date "2014.10.05"]
[Round "4.3"]
[White "Perske, Thore"]
[Black "Boes, Julian"]
[Result "1-0"]
[WhiteElo "2277"]
[BlackElo "1845"]
[PlyCount "65"]
[EventDate "2014.10.03"]
[EventType "team-swiss"]
[EventRounds "7"]
[EventCountry "GER"]
[SourceTitle "CBM 162 Extra"]
[Source "ChessBase"]
[SourceDate "2014.10.17"]
[SourceVersion "1"]
[SourceVersionDate "2014.10.17"]
[SourceQuality "1"]
[WhiteTeam "Rheinland Pfalz"]
[BlackTeam "Baden II"]
[WhiteTeamCountry "GER"]
[BlackTeamCountry "GER"]

1. e4 c5 2. Nf3 e6 3. d4 cxd4 4. Nxd4 a6 5. Bd3 Bc5 6. Nb3 Be7 7. Nc3 d6 8. 0-0 Nf6 9. f4 Nbd7 10. a4 b6 11. Qe2 Qc7 12. Bd2 Bb7 13. Rae1 Nc5 14. Nxc5 dxc5 15. e5 Nd5 16. Nxd5 exd5 17. b3 a5 18. e6 f6 19. Qh5+ g6 20. Bxg6+ Kd8 21. c4 d4 22. Be4 Bxe4 23. Rxe4 Qc6 24. Rfe1 Kc7 25. f5 Rag8 26. Qf7 Qe8 27. Bh6 Kd8 28. Bg7 h5 29. Qxe8+ Kxe8 30. Bxh8 Rxh8 31. Rh4 Kf8 32. Kf2 Kg7 33. g4 1-0

[Event "GER-ch U10"]
[Site "Willingen"]
[Date "2009.06.04"]
[Round "8"]
[White "Petrashov, Alexander"]
[Black "Boes, Julian"]
[Result "1-0"]
[WhiteElo "1613"]
[BlackElo "1186"]
[PlyCount "121"]
[EventDate "2009.05.30"]
[EventType "swiss"]
[EventRounds "11"]
[EventCountry "GER"]
[SourceTitle "EXT 2010"]
[Source "ChessBase"]
[SourceDate "2010.11.25"]
[SourceVersion "1"]
[SourceVersionDate "2010.11.25"]
[SourceQuality "1"]

1. e4 e5 2. Nf3 Nf6 3. Nc3 Nc6 4. d4 exd4 5. Nxd4 Nxd4 6. Qxd4 b6 7. e5 Ng8 8. Qe4 c6 9. Bc4 Bb7 10. Bf4 b5 11. Bb3 Qb6 12. Rd1 0-0-0 13. 0-0 c5 14. Bd5 a6 15. Qf5 Bxd5 16. Nxd5 Qe6 17. Qxe6 fxe6 18. Nc3 Ne7 19. Ne4 Nf5 20. g4 Nd4 21. Bg5 Re8 22. c3 Nc6 23. f4 h6 24. Bh4 Be7 25. Bxe7 Rxe7 26. Nxc5 a5 27. Rd6 Rf8 28. Kg2 g5 29. fxg5 Rxf1 30. Kxf1 hxg5 31. Nd3 Rf7+ 32. Ke2 Rh7 33. Kf3 Rxh2 34. a3 Rd2 35. Ke4 Rg2 36. Kf3 Rd2 37. Ke3 Rh2 38. b4 axb4 39. axb4 Rc2 40. Nc5 Rxc3+ 41. Kd2 Rc4 42. Nxd7 Kc7 43. Nc5 Nxe5 44. Rxe6 Nxg4 45. Rg6 Rxb4 46. Na6+ Kb7 47. Nxb4 Ne5 48. Rg7+ Kb6 49. Ke3 Nc4+ 50. Kd4 Ka5 51. Kc5 Ka4 52. Rxg5 Nd2 53. Rg4 Nb3+ 54. Kb6 Ka3 55. Kxb5 Kb2 56. Rg2+ Kc3 57. Rc2+ Kd4 58. Nc6+ Kd5 59. Rc3 Na1 60. Ra3 Nc2 61. Nb4+ 1-0

[Event "GER-ch U10"]
[Site "Willingen"]
[Date "2009.05.31"]
[Round "2"]
[White "Peter, Anton"]
[Black "Boes, Julian"]
[Result "0-1"]
[WhiteElo "1359"]
[BlackElo "1186"]
[PlyCount "76"]
[EventDate "2009.05.30"]
[EventType "swiss"]
[EventRounds "11"]
[EventCountry "GER"]
[SourceTitle "EXT 2010"]
[Source "ChessBase"]
[SourceDate "2010.11.25"]
[SourceVersion "1"]
[SourceVersionDate "2010.11.25"]
[SourceQuality "1"]

1. c4 e5 2. g3 Nf6 3. Bg2 c6 4. Nc3 d5 5. cxd5 cxd5 6. e3 Bb4 7. Nge2 0-0 8. 0-0 Nc6 9. Qb3 Be6 10. d4 e4 11. Nf4 Bxc3 12. bxc3 b6 13. Ba3 Re8 14. Nxe6 Rxe6 15. Rae1 Na5 16. Qc2 Nc4 17. Bc1 Qd6 18. Bd2 Qa3 19. Rb1 Rc6 20. Rb3 Qd6 21. Rc1 Rac8 22. Bf1 Nxd2 23. Qxd2 Ne8 24. Qb2 f5 25. Ra3 Qe7 26. Qb5 Qxa3 27. Qxd5+ Kh8 28. Qxf5 Nd6 29. Qf4 Qxc1 30. Kg2 Qd1 31. Qg5 Qf3+ 32. Kg1 Rf8 33. Qf4 Rxf4 34. exf4 Rxc3 35. a4 Rc1 36. d5 Qe2 37. h4 Qxf1+ 38. Kh2 Qh1# 0-1

[Event "GER-ch Net qual1 U14"]
[Site "Playchess.com INT"]
[Date "2009.05.10"]
[Round "2"]
[White "Boes, Julian"]
[Black "Gibicar, Danijel"]
[Result "0-1"]
[WhiteElo "1291"]
[BlackElo "1829"]
[PlyCount "50"]
[EventDate "2009.05.10"]
[EventType "swiss (blitz)"]
[EventRounds "7"]
[EventCountry "GER"]
[SourceTitle "CBM 130 Extra"]
[Source "ChessBase"]
[SourceDate "2009.07.02"]
[SourceVersion "2"]
[SourceVersionDate "2009.07.15"]
[SourceQuality "1"]

1. e4 e6 2. d4 d5 3. exd5 exd5 4. c4 Nf6 5. cxd5 Nxd5 6. Nf3 Bb4+ 7. Bd2 Bxd2+ 8. Qxd2 0-0 9. Nc3 Bg4 10. 0-0-0 Na6 11. Nxd5 Qxd5 12. Qf4 Bxf3 13. Qxf3 Qxf3 14. gxf3 Nb4 15. a3 Nd5 16. Bc4 c6 17. Rhg1 Rfe8 18. Bxd5 cxd5 19. Kb1 Re2 20. Rgf1 Rae8 21. Kc1 Rc8+ 22. Kb1 Rcc2 23. Ka1 Rxb2 24. Rc1 Ra2+ 25. Kb1 Reb2# 0-1

[Event "GER-ch Net qual1 U14"]
[Site "Playchess.com INT"]
[Date "2009.05.10"]
[Round "6"]
[White "Funk, Moritz"]
[Black "Boes, Julian"]
[Result "1-0"]
[WhiteElo "1465"]
[BlackElo "1291"]
[PlyCount "171"]
[EventDate "2009.05.10"]
[EventType "swiss (blitz)"]
[EventRounds "7"]
[EventCountry "GER"]
[SourceTitle "CBM 130 Extra"]
[Source "ChessBase"]
[SourceDate "2009.07.02"]
[SourceVersion "2"]
[SourceVersionDate "2009.07.15"]
[SourceQuality "1"]

1. e4 e6 2. c4 d5 3. cxd5 exd5 4. exd5 Qxd5 5. Nc3 Qe5+ 6. Be2 Nf6 7. Nf3 Qd6 8. 0-0 Be7 9. Qb3 0-0 10. Bc4 Be6 11. Bxe6 Qxe6 12. Qxb7 Qc6 13. Qb5 Qxb5 14. Nxb5 Bd6 15. Nxd6 cxd6 16. d3 Nc6 17. Bf4 d5 18. Rac1 Rac8 19. Be5 Nxe5 20. Nxe5 Rxc1 21. Rxc1 Re8 22. d4 h6 23. Rc7 Ne4 24. Rxf7 Rxe5 25. dxe5 Kxf7 26. f3 Nc5 27. Kf2 Ke6 28. Ke3 Kxe5 29. f4+ Ke6 30. Kd4 Nd7 31. f5+ Kxf5 32. Kxd5 Kf4 33. Kc6 Ne5+ 34. Kb7 Ke3 35. Kxa7 Kf2 36. b4 Kxg2 37. b5 Kxh2 38. b6 Nc6+ 39. Kb7 Na5+ 40. Ka6 Nc6 41. Kb5 Nb8 42. a4 g5 43. a5 g4 44. a6 g3 45. a7 Nd7 46. a8Q g2 47. Qa2 Kh1 48. Qe6 g1Q 49. Qxh6+ Qh2 50. Qc6+ Qg2 51. Qxd7 Qb2+ 52. Kc6 Qc3+ 53. Kb7 Qb3 54. Qc6+ Kg1 55. Kc7 Qg3+ 56. Qd6 Qg7+ 57. Kb8 Qg8+ 58. Kb7 Qf7+ 59. Qc7 Qf3+ 60. Kb8 Qf8+ 61. Ka7 Qa3+ 62. Kb7 Qf3+ 63. Qc6 Qf7+ 64. Ka6 Qa2+ 65. Kb5 Qb3+ 66. Kc5 Qc3+ 67. Kd6 Qd4+ 68. Kc7 Qe5+ 69. Kd7 Qg7+ 70. Ke6 Qg6+ 71. Kd5 Qf5+ 72. Kc4 Qc2+ 73. Kd5 Qd3+ 74. Kc5 Qc3+ 75. Kd6 Qd4+ 76. Ke6 Qe3+ 77. Kf5 Qd3+ 78. Kf6 Qd4+ 79. Kf7 Qf4+ 80. Kg7 Qe5+ 81. Kh7 Qh5+ 82. Qh6 Qf7+ 83. Qg7+ Qxg7+ 84. Kxg7 Kf2 85. b7 Ke3 86. b8Q 1-0